Donnez tous les homophones possibles #5 : "c'est" - Statistiques

Statistiques générales
  • Ce quiz a été pris 342 fois
  • Le résultat moyen est 4 sur 5
Statistiques - réponses
Homophones de "c'est" Réponse % Correct
1 Ces
99%
4 Ses
97%
2 Sait
90%
3 Sais
84%
5 S'est
63%
Aucun quiz correspondant
Distribution des résultats
% des personnes avec chaque résultat
Percentile par nombre de réponses
Votre historique - résultats
Vous n’avez pas pris ce quiz